000 00317nam a22001457a 4500
008 230207b ||||| |||| 00| 0 eng d
020 _a9780130407443
041 _aeng
080 _2SECOND EDITION
_a51
082 _a51BLA
100 _a20
101 _aMATEM
245 _aPREALGEBRA
_cBLAIR J
942 _2udc
_cBK
999 _c59319
_d59319